Manual para la prevención y control de la erosión en Risaralda / (Registro nro. 19086)
[ vista simple ]
| 000 -CABECERA | |
|---|---|
| Campo de control | 00892nam a22002297a 4500 |
| 005 - FECHA Y HORA DE LA ULTIMA TRANSACCION | |
| Campo de control | 20161013143942.0 |
| 008 - ELEMENTOS DE LONGITUD FIJA—INFORMACION GENERAL | |
| Campo de control | 161013s2009 ck a||||r|||| 00| 0 spa d |
| 020 ## - ISBN | |
| ISBN | 9789588370057 |
| 040 ## - FUENTE DE CATALOGACIÓN | |
| Agencia catalogadora original | CO-BoIAVH |
| Agencia transcriptora | CO-BoIAVH |
| 041 0# - IDIOMA | |
| Código de idioma para texto/pista de sonido o título separado | Español |
| 044 ## - PAÍS DE PUBLICACIÓN | |
| País de publicación | Colombia |
| 090 ## - CLASIFICACIÓN LOCAL | |
| Colección | FG- |
| Consecutivo | 0071 |
| 245 00 - MENCION DE TITULO | |
| Título | Manual para la prevención y control de la erosión en Risaralda / |
| 260 ## - PUBLICACION, DISTRIBUCION, ETC. (PIE DE IMPRENTA) | |
| Lugar de publicación, distribución, etc. | Pereira?, Colombia : |
| Nombre del editor, distribuidor, etc. | Carder, |
| Fecha de publicación, distribución, etc. | 2009. |
| 300 ## - DESCRIPCION FISICA | |
| Extensión | 39 páginas : |
| Otros detalles físicos | ilustraciones (algunas a color) ; |
| Dimensiones | 23 x 16 cm. |
| 504 ## - NOTA DE BIBLIOGRAFIA, ETC. | |
| Nota de bibliografía | Incluye referencias bibliográficas. |
| 650 26 - ASIENTO SECUNDARIO DE MATERIA - TERMINO TEMATICO | |
| Término temático o nombre geográfico como elemento de entrada | Erosión |
| Subdivisión geográfica | Colombia |
| -- | Risaralda (Departamento) |
| Subdivisión de forma | Manuales |
| 9 (RLIN) | 76871 |
| 650 26 - ASIENTO SECUNDARIO DE MATERIA - TERMINO TEMATICO | |
| Término temático o nombre geográfico como elemento de entrada | Control de la erosión |
| Subdivisión geográfica | Colombia |
| -- | Risaralda (Departamento) |
| Subdivisión de forma | Manuales |
| 9 (RLIN) | 76872 |
| 650 26 - ASIENTO SECUNDARIO DE MATERIA - TERMINO TEMATICO | |
| Término temático o nombre geográfico como elemento de entrada | Cambio climático |
| Subdivisión geográfica | Colombia |
| -- | Risaralda (Departamento) |
| 9 (RLIN) | 76873 |
| 710 2# - ASIENTO SECUNDARIO - NOMBRE CORPORATIVO | |
| Nombre corporativo o de jurisdicción como elemento de entrada | Corporación Autónoma Regional de Risaralda -CARDER |
| 9 (RLIN) | 76874 |
| 942 ## - ELEMENTOS ADICIONALES (KOHA) | |
| Sistema de clasificación | Local |
| Tipo de ítem | Folleto |
| Withdrawn status | Lost status | Sistema de Clasificación | Damaged status | No para préstamo | Colección | Inventariado | Ubicación Permanente | Ubicación actual | Fecha de adquisición | Total Checkouts | Número topográfico | Inventario / Código de Barras | Date last seen | Ejemplar | Price effective from | Forma de adquisición | Tipo de material |
|---|---|---|---|---|---|---|---|---|---|---|---|---|---|---|---|---|---|
| Local | Hemeroteca | Inventariado 2017 | Bogotá | Bogotá | 13/10/2016 | FG-0071 | 034337 | 13/10/2016 | Ej. 1 | 13/10/2016 | Donación | Folleto |